| 000 | 01095nas0a22003011i 4500 | ||
|---|---|---|---|
| 001 | RU\NLR\DRGNLR\2661 | ||
| 005 | 20240725031120.0 | ||
| 035 | _a(NLR Aleph) 010311233 | ||
| 090 |
_a10637869 _c10637869 |
||
| 100 | _a20080514b1915 u y0rusy50 ca | ||
| 101 | 0 | _arus | |
| 102 | _aRU | ||
| 110 | _acya|||||||| | ||
| 200 | 1 |
_aМинский вечер _fРед.-изд. М.Я.Усман |
|
| 210 |
_aМинск. _d1915, 3 дек - [?] |
||
| 540 | 1 | _aМинский вечер | |
| 702 | 1 |
_aУсман _bМ.Я. - псевд.; см. Усман Шмуль Яковлевич _4340 |
|
| 702 | 1 |
_aУсман _bШмуль Яковлевич (псевд. - Яковлев _cУсман М.Я.) _4340 |
|
| 702 | 1 |
_aЯковлев _b- псевд.; см. Усман Шмуль Яковлевич |
|
| 801 | 0 |
_aRU _bNLR _c20080514 _gPSBO _2gzdor_isis |
|
| 801 | 2 |
_aRU _bNLR _c20080514 _gPSBO _2rusmarc |
|
| 852 |
_aNLR _j1-Р/2-М-19 |
||
| 942 | _cNEWSPAPER | ||
| 980 | _aDRG | ||